Sanskrit Sahitya Main Rastriya Bhavana / (Record no. 162323)

000 -LEADER
fixed length control field 00286nam a22001097a 4500
082 ## - DEWEY DECIMAL CLASSIFICATION NUMBER
Classification number
Item number
100 ## - MAIN ENTRY--PERSONAL NAME
Personal name Harinarayana Dheekshith
245 ## - TITLE STATEMENT
Title Sanskrit Sahitya Main Rastriya Bhavana /
Statement of responsibility, etc. by Harinarayana Dheekshith.
260 ## - PUBLICATION, DISTRIBUTION, ETC.
Place of publication, distribution, etc. New Delhi:
Name of publisher, distributor, etc. Devavani,
Date of publication, distribution, etc. 1983.
650 ## - SUBJECT ADDED ENTRY--TOPICAL TERM
Topical term or geographic name entry element
942 ## - ADDED ENTRY ELEMENTS (KOHA)
Koha item type Book
Holdings
Withdrawn status Lost status Damaged status Not for loan Permanent Location Current Location Shelving location Date acquired Cost, normal purchase price Total Checkouts Barcode Date last seen Price effective from Koha item type
        RC Thiruvananthapuram RC Thiruvananthapuram   11.10.2018 300.00   TV008941 11.10.2018 11.10.2018 Book